The role of codes, standards and approvals in delivering fire safety (Record no. 115940)

MARC details
000 -LEADER
fixed length control field 01280cam a2200253 4500
001 - CONTROL NUMBER
control field L159480
008 - FIXED-LENGTH DATA ELEMENTS--GENERAL INFORMATION
fixed length control field 000000n2016 000 0 eng u
020 ## - INTERNATIONAL STANDARD BOOK NUMBER
International Standard Book Number 9781848064614
035 ## - SYSTEM CONTROL NUMBER
System control number (Sirsi) u159480
041 0# - LANGUAGE CODE
Language code of text/sound track or separate title eng
050 04 - LIBRARY OF CONGRESS CALL NUMBER
Classification number 693.82 $2 18
100 1# - MAIN ENTRY--PERSONAL NAME
Personal name Colwell, Sarah
245 04 - TITLE STATEMENT
Title The role of codes, standards and approvals in delivering fire safety
260 ## - PUBLICATION, DISTRIBUTION, ETC.
Place of publication, distribution, etc. Watford
Name of publisher, distributor, etc. BRE
Date of publication, distribution, etc. 2016
300 ## - PHYSICAL DESCRIPTION
Extent 7p.
Dimensions 30cm.
490 #0 - SERIES STATEMENT
Series statement BRE Information Paper
Volume/sequential designation (IP 5/16)
520 ## - SUMMARY, ETC.
Summary, etc. Identifies the key processes used to test and approve fire suppression products. It discusses the risks of assuming compatibility between different codes and standards, which may ultimately impact on the safety of both people and property in fire. It also looks at the key differences between the types of documentary evidence used to support products placed on the market in the form of test reports compared with third-party certification, and the potential impact of these differences on the traceability and independence of the data and ultimately the quality of products.
650 24 - SUBJECT ADDED ENTRY--TOPICAL TERM
Topical term or geographic name entry element FIRE PROTECTION
650 24 - SUBJECT ADDED ENTRY--TOPICAL TERM
Topical term or geographic name entry element BUILT ENVIRONMENT-BUILDING STANDARDS
650 24 - SUBJECT ADDED ENTRY--TOPICAL TERM
Topical term or geographic name entry element FIRE RESISTANT MATERIALS
651 #4 - SUBJECT ADDED ENTRY--GEOGRAPHIC NAME
Geographic name ENGLAND AND WALES
690 ## - LOCAL SUBJECT ADDED ENTRY--TOPICAL TERM (OCLC, RLIN)
Topical term or geographic name as entry element Health and safety
9 (RLIN) 6244
942 ## - ADDED ENTRY ELEMENTS (KOHA)
Suppress in OPAC 0
Holdings
Withdrawn status Lost status Source of classification or shelving scheme Damaged status Not for loan Home library Current library Shelving location Date acquired Total Checkouts Full call number Barcode Date last seen Copy number Price effective from Koha item type
    Dewey Decimal Classification     London London BRE publications 01/08/2017   ENQUIRY DESK 30078447 06/08/2019 1 06/08/2019 Book